Vista normal Vista MARC

Entrada Corporate Name

Número de registros utilizados en: 1

001 - CONTROL NUMBER

  • control field: 6229

003 - CONTROL NUMBER IDENTIFIER

  • control field: OSt

005 - DATE AND TIME OF LATEST TRANSACTION

  • control field: 20200625182003.0

008 - FIXED-LENGTH DATA ELEMENTS

  • fixed length control field: 200625|| aca||aabn | a|a d

040 ## - CATALOGING SOURCE

  • Original cataloging agency: OSt
  • Transcribing agency: OSt

110 ## - HEADING--CORPORATE NAME

  • Corporate name or jurisdiction name as entry element: Academia de Ciencias de la U.R.S.S.
  • Subordinate unit: Instituto de Filosofía

670 ## - SOURCE DATA FOUND

  • Source citation: Work cat.: (OSt)4366: Academia de Ciencias de la U.R.S.S. Instituto de Filosofía , El materialismo histórico / , 1960